|
|
|
|
| LEADER |
01506nam a2200265 i 4500 |
| 003 |
GR-PaULI |
| 005 |
20220316132917.0 |
| 008 |
190904t2016 gr e|||g |||| 001 0 gre d |
| 952 |
|
|
|0 0
|1 0
|2 ddc
|4 0
|6 515_000000000000000_ΚΑΔ
|7 0
|9 234770
|a LISP
|b LISP
|c BSC
|d 2019-09-04
|i 140466
|l 0
|o 515 ΚΑΔ
|p 025000264057
|r 2019-09-04 00:00:00
|t 1
|v 2019.00
|w 2019-09-04
|y BK15
|
| 952 |
|
|
|0 0
|1 0
|2 ddc
|4 0
|6 515_000000000000000_ΚΑΔ
|7 0
|9 234774
|a LISP
|b LISP
|c BSC
|d 2019-09-04
|i 140465
|l 0
|o 515 ΚΑΔ
|p 025000264058
|r 2019-09-04 00:00:00
|t 2
|v 2019.00
|w 2019-09-04
|y BK15
|
| 999 |
|
|
|c 142324
|d 142324
|
| 020 |
|
|
|a 9789609012010
|
| 040 |
|
|
|a GR-PaULI
|b gre
|c GR-PaULI
|e AACR2
|
| 082 |
0 |
4 |
|2 23
|a 515
|
| 100 |
1 |
|
|9 40325
|a Καδιανάκης, Νίκος
|e συγγραφέας.
|
| 245 |
1 |
0 |
|a Λογισμός συναρτήσεων πολλών μεταβλητών :
|b για τις επιστήμες του μηχανικού /
|c Ν. Καδιανάκης, Σ. Καρανάσιος, Α. Φελλούρης.
|
| 260 |
|
|
|a Αθήνα :
|b [χ.ό],
|c 2016.
|
| 300 |
|
|
|a ix., 733 σ. :
|b εικ. ;
|c 24 εκ.
|
| 504 |
|
|
|a Περιλαμβάνει βιβλιογραφία και ευρετήριο.
|
| 650 |
|
4 |
|9 9143
|a Λογισμός, Διανυσματικός
|
| 650 |
|
4 |
|9 9142
|a Διανυσματική ανάλυση
|
| 700 |
1 |
|
|9 135905
|a Καρανάσιος, Σωτήρης
|e συγγραφέας.
|
| 700 |
1 |
|
|9 40326
|a Φελλούρης, Αργύρης Γ.
|e συγγραφέας.
|
| 942 |
|
|
|2 ddc
|c BK15
|
| 998 |
|
|
|c ΛΟΤΣΑΡΗ
|d 2019-09
|